[Event "ODJM C 2025"]
[Site "Willingen GER"]
[Date "2025.06.11"]
[Round "5"]
[White "Christoffers, Julia Anne"]
[Black "Anzinger, Simon"]
[Result "0-1"]
[Termination "normal"]
[Board "6"]
[WhiteElo "1587"]
[BlackElo "1541"]
[WhiteClock "00:06:47"]
[BlackClock "01:02:59"]
[PlyCount "126"]
[WhiteFideId "16249895"]
[BlackFideId "34698825"]
[EventCountry "GER"]
[EventRounds "9"]
[EventType "swiss"]
[EventDate "2025.06.07"]

1. d4 {[%clk 01:30:59]} Nf6 {[%clk 01:30:38]} {[%emt 00:00:22]} 2. Bf4 {[%clk
01:31:20]} {[%emt 00:00:10]} e6 {[%clk 01:30:27]} {[%emt 00:00:39]} 3. Nf3
{[%clk 01:31:16]} {[%emt 00:00:35]} d5 {[%clk 01:27:58]} {[%emt 00:02:59]} 4.
e3 {[%clk 01:31:09]} {[%emt 00:00:37]} c5 {[%emt 00:00:25]} 5. c3 {[%clk
01:30:34]} {[%emt 00:00:56]} Bd6 {[%clk 01:28:27]} {[%emt 00:00:15]} 6. Bg3
{[%clk 01:30:18]} {[%emt 00:00:46]} O-O {[%clk 01:28:00]} {[%emt 00:00:54]} 7.
Be2 {[%clk 01:29:16]} {[%emt 00:01:34]} Nc6 {[%clk 01:28:09]} {[%emt 00:00:21]}
8. O-O {[%clk 01:28:37]} {[%emt 00:01:10]} b6 {[%clk 01:28:07]} {[%emt
00:00:31]} 9. Nbd2 {[%clk 01:26:29]} {[%emt 00:02:40]} Bb7 {[%clk 01:26:14]}
{[%emt 00:02:22]} 10. Qc2 {[%clk 01:24:56]} {[%emt 00:02:03]} Re8 {[%clk
01:24:45]} {[%emt 00:01:58]} 11. e4 {[%clk 01:18:24]} {[%emt 00:07:03]} dxe4
{[%clk 01:22:49]} {[%emt 00:02:26]} 12. Nxe4 {[%clk 01:18:24]} {[%emt
00:00:30]} Nxe4 {[%clk 01:22:45]} {[%emt 00:00:33]} 13. Qxe4 {[%clk 01:18:13]}
{[%emt 00:00:41]} Nxd4 {[%clk 01:22:01]} {[%emt 00:01:13]} 14. Qxb7 {[%clk
01:14:00]} {[%emt 00:04:45]} Nxe2+ {[%clk 01:22:16]} {[%emt 00:00:15]} 15. Kh1
{[%clk 01:14:28]} {[%emt 00:00:03]} Nxg3+ {[%clk 01:22:25]} {[%emt 00:00:20]}
16. fxg3 {[%clk 01:13:53]} {[%emt 00:01:06]} Qe7 {[%clk 01:22:01]} {[%emt
00:00:53]} 17. Qxe7 {[%clk 01:07:03]} {[%emt 00:07:21]} Bxe7 {[%clk 01:20:40]}
{[%emt 00:01:50]} 18. Ne5 {[%clk 01:06:58]} {[%emt 00:00:36]} f6 {[%emt
00:01:18]} 19. Nc6 Bf8 {[%clk 01:20:50]} {[%emt 00:00:27]} 20. b4 {[%clk
01:01:56]} {[%emt 00:05:07]} cxb4 {[%clk 01:20:35]} {[%emt 00:00:44]} 21. cxb4
{[%clk 01:02:19]} {[%emt 00:00:07]} b5 {[%clk 01:20:08]} {[%emt 00:00:57]} 22.
Rfe1 {[%clk 01:00:18]} {[%emt 00:02:32]} a6 {[%clk 01:19:19]} {[%emt 00:01:18]}
23. a3 {[%clk 00:59:11]} {[%emt 00:01:38]} Rac8 {[%clk 01:18:13]} {[%emt
00:01:35]} 24. Rac1 {[%clk 00:54:16]} {[%emt 00:05:26]} e5 {[%clk 01:15:24]}
{[%emt 00:03:18]} 25. Rc3 {[%clk 00:52:37]} {[%emt 00:02:09]} Kf7 {[%clk
01:14:47]} {[%emt 00:01:07]} 26. Rec1 {[%clk 00:50:26]} {[%emt 00:02:41]} Ke6
{[%clk 01:13:32]} {[%emt 00:01:45]} 27. Na7 {[%clk 00:42:41]} {[%emt 00:08:15]}
Rxc3 {[%clk 01:10:50]} {[%emt 00:03:11]} 28. Rxc3 {[%clk 00:43:07]} {[%emt
00:00:05]} Rd8 {[%clk 01:08:56]} {[%emt 00:02:23]} 29. Kg1 {[%clk 00:39:52]}
{[%emt 00:03:46]} Be7 {[%clk 01:05:45]} {[%emt 00:03:41]} 30. Rc6+ {[%clk
00:39:47]} {[%emt 00:00:35]} Rd6 {[%clk 01:05:52]} {[%emt 00:00:23]} 31. Rc7
{[%clk 00:33:53]} {[%emt 00:06:25]} Rd7 {[%clk 01:04:34]} {[%emt 00:01:47]} 32.
Rc6+ {[%clk 00:33:48]} {[%emt 00:00:35]} Rd6 {[%clk 01:04:58]} {[%emt
00:00:05]} 33. Rc7 {[%clk 00:33:29]} {[%emt 00:00:50]} Bd8 {[%clk 01:04:59]}
{[%emt 00:00:28]} 34. Rxg7 {[%clk 00:33:12]} {[%emt 00:00:48]} Rd7 {[%clk
01:05:07]} {[%emt 00:00:22]} 35. Rg8 {[%clk 00:23:24]} {[%emt 00:10:18]} Bb6+
{[%clk 01:05:26]} {[%emt 00:00:10]} 36. Kf1 {[%clk 00:23:38]} {[%emt 00:00:17]}
Bxa7 {[%clk 01:05:37]} {[%emt 00:00:19]} 37. Rc8 {[%clk 00:22:58]} {[%emt
00:01:10]} Bd4 {[%clk 01:04:01]} {[%emt 00:02:06]} 38. Ra8 {[%clk 00:21:14]}
{[%emt 00:02:14]} Rd6 {[%clk 01:03:51]} {[%emt 00:00:39]} 39. Re8+ {[%clk
00:20:42]} {[%emt 00:01:03]} Kf7 {[%clk 01:04:12]} {[%emt 00:00:09]} 40. Rc8
{[%clk 00:20:38]} {[%emt 00:00:34]} Bb2 {[%clk 01:04:17]} {[%emt 00:00:24]} 41.
Rc7+ {[%clk 00:19:53]} {[%emt 00:01:16]} Kg6 {[%clk 01:04:14]} {[%emt
00:00:32]} 42. h4 {[%clk 00:17:28]} {[%emt 00:02:56]} Bxa3 {[%clk 01:04:16]}
{[%emt 00:00:28]} 43. Kf2 {[%clk 00:17:28]} {[%emt 00:00:29]} Bxb4 {[%clk
01:04:26]} {[%emt 00:00:20]} 44. g4 {[%clk 00:17:47]} {[%emt 00:00:11]} Rd4
{[%clk 01:02:44]} {[%emt 00:02:11]} 45. Kf3 {[%clk 00:13:45]} {[%emt 00:04:34]}
Rc4 {[%clk 01:02:06]} {[%emt 00:01:08]} 46. h5+ {[%clk 00:11:21]} Kh6 {[%clk
01:02:16]} {[%emt 00:03:13]} 47. Rf7 {[%clk 00:11:32]} Rf4+ {[%clk 01:02:09]}
{[%emt 00:00:54]} 48. Kg3 {[%clk 00:11:09]} Be1+ {[%clk 01:02:30]} {[%emt
00:01:04]} 49. Kh3 {[%clk 00:11:33]} Rf1 {[%clk 01:02:12]} {[%emt 00:00:54]}
50. g3 {[%clk 00:10:39]} Rf3 {[%clk 01:02:12]} 51. Kh4 {[%clk 00:10:39]} Bxg3+
{[%clk 01:02:12]} 52. Kh3 {[%clk 00:10:39]} Be1+ {[%clk 01:02:12]} 53. Kg2
{[%clk 00:10:39]} Rf4 {[%clk 01:02:12]} 54. Kh3 {[%clk 00:10:39]} b4 {[%clk
01:02:12]} 55. g5+ {[%clk 00:10:39]} Kxg5 {[%clk 01:02:12]} 56. Rg7+ {[%clk
00:10:39]} Kf5 {[%clk 01:02:12]} 57. Rxh7 {[%clk 00:10:39]} b3 {[%clk
01:02:12]} 58. Rb7 {[%clk 00:10:39]} Rf3+ {[%clk 01:02:12]} 59. Kg2 {[%clk
00:10:39]} Rf2+ {[%clk 01:02:12]} 60. Kg1 {[%clk 00:10:39]} b2 {[%clk
01:02:12]} 61. h6 {[%clk 00:10:39]} Rf4 {[%clk 01:02:12]} 62. h7 {[%clk
00:10:39]} Rh4 {[%clk 01:02:12]} 63. Kf1 {[%clk 00:06:47]} {[%emt 00:17:39]}
Rxh7 {[%clk 01:02:59]} {[%emt 00:00:22]} 0-1

[Event "ODJM C 2025"]
[Site "Willingen GER"]
[Date "2025.06.11"]
[Round "5"]
[White "Hantke, Florian"]
[Black "Börner, Martha"]
[Result "1-0"]
[Termination "normal"]
[Board "7"]
[WhiteElo "1517"]
[BlackElo "1211"]
[WhiteClock "00:46:37"]
[BlackClock "01:11:22"]
[PlyCount "89"]
[WhiteFideId "34638962"]
[BlackFideId "34665382"]
[EventCountry "GER"]
[EventRounds "9"]
[EventType "swiss"]
[EventDate "2025.06.07"]

1. e4 {[%clk 01:30:44]} {[%emt 00:00:15]} c6 {[%clk 01:30:52]} {[%emt
00:00:08]} 2. d4 {[%clk 01:30:52]} {[%emt 00:00:22]} d5 {[%clk 01:31:13]}
{[%emt 00:00:08]} 3. exd5 {[%clk 01:31:17]} {[%emt 00:00:06]} cxd5 {[%clk
01:31:32]} {[%emt 00:00:11]} 4. c4 {[%clk 01:31:06]} {[%emt 00:00:41]} Nc6
{[%clk 01:31:27]} {[%emt 00:00:35]} 5. Nf3 {[%clk 01:23:25]} {[%emt 00:08:10]}
Bg4 {[%clk 01:31:10]} {[%emt 00:00:47]} 6. cxd5 {[%clk 01:23:47]} {[%emt
00:00:09]} Qxd5 {[%clk 01:31:21]} {[%emt 00:00:18]} 7. Be2 {[%clk 01:24:12]}
{[%emt 00:00:06]} Qd8 {[%clk 01:23:55]} {[%emt 00:07:56]} 8. Be3 {[%clk
01:17:54]} {[%emt 00:06:47]} Bf5 {[%clk 01:23:44]} {[%emt 00:00:38]} 9. O-O
{[%clk 01:16:23]} {[%emt 00:02:05]} e6 {[%clk 01:23:49]} {[%emt 00:00:24]} 10.
Nc3 {[%clk 01:10:16]} {[%emt 00:06:37]} Nb4 {[%clk 01:23:02]} {[%emt 00:01:18]}
11. Qa4+ {[%clk 01:10:09]} {[%emt 00:00:36]} Nc6 {[%clk 01:22:16]} {[%emt
00:01:16]} 12. Ne5 {[%clk 01:10:12]} {[%emt 00:00:27]} Nge7 {[%clk 01:22:29]}
{[%emt 00:00:17]} 13. Bb5 {[%clk 01:10:08]} {[%emt 00:00:35]} Rc8 {[%clk
01:22:13]} {[%emt 00:00:43]} 14. Qxa7 {[%clk 01:06:39]} {[%emt 00:04:02]} f6
{[%clk 01:20:38]} {[%emt 00:02:05]} 15. Nxc6 {[%clk 01:06:42]} {[%emt
00:00:27]} Nxc6 {[%clk 01:20:48]} {[%emt 00:00:20]} 16. Qxb7 {[%clk 01:06:59]}
{[%emt 00:00:12]} Qc7 {[%clk 01:19:25]} {[%emt 00:01:52]} 17. Bxc6+ {[%clk
01:06:55]} {[%emt 00:00:36]} Qxc6 {[%clk 01:19:43]} {[%emt 00:00:12]} 18. Qxc6+
{[%clk 01:07:21]} {[%emt 00:00:04]} Rxc6 {[%clk 01:20:06]} {[%emt 00:00:07]}
19. Rfd1 {[%clk 01:04:57]} {[%emt 00:02:54]} Bb4 {[%clk 01:16:54]} {[%emt
00:03:38]} 20. Rac1 {[%clk 01:00:35]} {[%emt 00:04:54]} Bxc3 {[%clk 01:16:42]}
{[%emt 00:00:44]} 21. Rxc3 {[%clk 01:00:47]} {[%emt 00:00:18]} Rxc3 {[%clk
01:16:59]} {[%emt 00:00:13]} 22. bxc3 {[%clk 01:01:09]} {[%emt 00:00:08]} O-O
{[%clk 01:17:21]} {[%emt 00:00:07]} 23. Bf4 {[%clk 01:01:16]} {[%emt 00:00:22]}
Rd8 {[%clk 01:17:31]} {[%emt 00:00:21]} 24. f3 {[%clk 00:59:51]} {[%emt
00:01:56]} e5 {[%clk 01:17:47]} {[%emt 00:00:13]} 25. Bg3 {[%clk 00:59:18]}
{[%emt 00:01:03]} exd4 {[%clk 01:17:57]} {[%emt 00:00:21]} 26. cxd4 {[%clk
00:59:37]} {[%emt 00:00:10]} Be6 {[%clk 01:18:09]} {[%emt 00:00:18]} 27. Rd2
{[%emt 00:00:39]} Bc4 {[%emt 00:00:26]} 28. Kf2 {[%clk 00:58:20]} {[%emt
00:00:43]} Rd7 {[%clk 01:17:40]} {[%emt 00:00:58]} 29. a3 {[%clk 00:54:30]}
{[%emt 00:04:20]} Kf7 {[%clk 01:16:49]} {[%emt 00:01:21]} 30. Ke1 {[%clk
00:51:14]} {[%emt 00:03:46]} Re7+ {[%clk 01:16:30]} {[%emt 00:00:39]} 31. Kf2
{[%clk 00:50:04]} {[%emt 00:01:51]} Rd7 {[%clk 01:16:22]} {[%emt 00:00:37]} 32.
Bb8 {[%clk 00:49:49]} {[%emt 00:00:45]} Rd8 {[%clk 01:15:17]} {[%emt 00:01:35]}
33. Ba7 {[%clk 00:50:01]} {[%emt 00:00:18]} Rd7 {[%clk 01:13:32]} {[%emt
00:02:15]} 34. Bc5 {[%clk 00:50:25]} {[%emt 00:00:07]} Ba6 {[%clk 01:13:27]}
{[%emt 00:00:33]} 35. Ke3 {[%clk 00:49:18]} {[%emt 00:01:39]} Rd8 {[%clk
01:13:30]} {[%emt 00:00:26]} 36. Ke4 {[%clk 00:49:38]} {[%emt 00:00:11]} Re8+
{[%clk 01:13:44]} {[%emt 00:00:16]} 37. Kd5 {[%clk 00:49:53]} {[%emt 00:00:15]}
Rc8 {[%clk 01:13:47]} {[%emt 00:00:27]} 38. Rb2 {[%clk 00:49:43]} {[%emt
00:00:40]} Rc7 {[%clk 01:13:16]} {[%emt 00:01:00]} 39. Rb6 {[%clk 00:47:53]}
{[%emt 00:02:21]} Bc8 {[%clk 01:12:12]} {[%emt 00:01:31]} 40. Kd6 {[%clk
00:45:14]} {[%emt 00:03:11]} Rd7+ {[%clk 01:12:13]} {[%emt 00:00:29]} 41. Kc6
{[%clk 00:45:36]} {[%emt 00:00:08]} Ke6 {[%clk 01:12:19]} {[%emt 00:00:22]} 42.
a4 {[%clk 00:45:20]} {[%emt 00:00:48]} Bb7+ {[%clk 01:10:43]} {[%emt 00:02:06]}
43. Rxb7 {[%clk 00:45:45]} {[%emt 00:00:05]} Rxb7 {[%clk 01:11:03]} {[%emt
00:00:10]} 44. Kxb7 {[%clk 00:46:12]} {[%emt 00:00:03]} Kd7 {[%clk 01:11:22]}
{[%emt 00:00:10]} 45. a5 {[%clk 00:46:37]} {[%emt 00:00:07]} 1-0

[Event "ODJM C 2025"]
[Site "Willingen GER"]
[Date "2025.06.11"]
[Round "5"]
[White "Lao, Theodora Siyuan"]
[Black "Yan, Jenny"]
[Result "1/2-1/2"]
[Termination "normal"]
[Board "11"]
[WhiteElo "1587"]
[BlackElo "1509"]
[WhiteClock "01:21:19"]
[BlackClock "00:36:44"]
[PlyCount "109"]
[WhiteFideId "34667547"]
[BlackFideId "34630376"]
[EventCountry "GER"]
[EventRounds "9"]
[EventType "swiss"]
[EventDate "2025.06.07"]

1. e4 {[%clk 01:30:59]} c5 {[%clk 01:30:59]} {[%emt 00:00:02]} 2. Nf3 {[%clk
01:31:12]} {[%emt 00:00:16]} e6 {[%clk 01:31:20]} {[%emt 00:00:09]} 3. d4
{[%clk 01:30:57]} {[%emt 00:00:45]} cxd4 {[%clk 01:31:16]} {[%emt 00:00:35]} 4.
Nxd4 {[%clk 01:31:12]} {[%emt 00:00:13]} Nc6 {[%clk 01:31:07]} {[%emt
00:00:40]} 5. Nc3 {[%clk 01:31:19]} {[%emt 00:00:22]} Bb4 {[%clk 01:30:17]}
{[%emt 00:01:21]} 6. Be3 {[%clk 01:31:07]} {[%emt 00:00:37]} Nf6 {[%clk
01:29:32]} {[%emt 00:01:20]} 7. Bd3 {[%clk 01:30:25]} {[%emt 00:01:12]} O-O
{[%clk 01:28:18]} {[%emt 00:01:44]} 8. O-O {[%clk 01:30:05]} {[%emt 00:00:49]}
b6 {[%clk 01:24:21]} {[%emt 00:04:29]} 9. a3 {[%clk 01:29:26]} {[%emt
00:01:09]} Be7 {[%clk 01:23:12]} {[%emt 00:01:38]} 10. Nxc6 {[%clk 01:29:32]}
{[%emt 00:00:24]} dxc6 {[%clk 01:23:13]} {[%emt 00:00:30]} 11. e5 {[%clk
01:28:06]} {[%emt 00:01:56]} Nd5 {[%clk 01:22:00]} {[%emt 00:01:42]} 12. Nxd5
{[%clk 01:28:16]} {[%emt 00:00:20]} exd5 {[%clk 01:18:04]} {[%emt 00:04:26]}
13. c4 {[%clk 01:27:42]} {[%emt 00:01:03]} d4 {[%clk 01:15:32]} {[%emt
00:03:03]} 14. Bf4 {[%clk 01:27:28]} {[%emt 00:00:40]} Bg5 {[%clk 01:14:22]}
{[%emt 00:01:44]} 15. Qf3 {[%clk 01:26:35]} {[%emt 00:01:13]} Bxf4 {[%clk
01:13:34]} {[%emt 00:01:28]} 16. Qxf4 {[%clk 01:26:22]} {[%emt 00:00:43]} Bb7
{[%clk 01:08:48]} {[%emt 00:05:17]} 17. Rfe1 {[%clk 01:25:53]} {[%emt
00:00:56]} c5 {[%clk 01:07:39]} {[%emt 00:01:41]} 18. Be4 {[%clk 01:25:47]}
{[%emt 00:00:36]} Bxe4 {[%clk 01:06:42]} {[%emt 00:01:27]} 19. Qxe4 {[%clk
01:25:28]} {[%emt 00:00:49]} Re8 {[%clk 01:04:09]} {[%emt 00:03:04]} 20. f4
{[%clk 01:24:59]} {[%emt 00:00:57]} Rb8 {[%emt 00:03:10]} 21. b4 {[%clk
01:23:48]} {[%emt 00:01:39]} Qc7 {[%clk 00:58:27]} {[%emt 00:03:34]} 22. Rab1
{[%clk 01:22:14]} {[%emt 00:02:04]} Red8 {[%clk 00:54:19]} {[%emt 00:04:39]}
23. bxc5 {[%clk 01:22:11]} {[%emt 00:00:33]} bxc5 {[%clk 00:53:11]} {[%emt
00:01:38]} 24. Rxb8 {[%clk 01:22:17]} {[%emt 00:00:24]} Rxb8 {[%clk 00:49:41]}
{[%emt 00:04:00]} 25. e6 {[%clk 01:21:58]} {[%emt 00:00:49]} fxe6 {[%clk
00:47:13]} {[%emt 00:02:59]} 26. Qxe6+ {[%clk 01:21:22]} {[%emt 00:01:05]} Qf7
{[%clk 00:46:19]} {[%emt 00:01:24]} 27. Qxf7+ {[%clk 01:20:59]} {[%emt
00:00:53]} Kxf7 {[%clk 00:46:44]} {[%emt 00:00:05]} 28. Re5 {[%clk 01:20:46]}
{[%emt 00:00:41]} Rd8 {[%clk 00:44:34]} {[%emt 00:02:41]} 29. Kf2 {[%clk
01:20:48]} {[%emt 00:00:28]} Rc8 {[%clk 00:44:41]} {[%emt 00:00:24]} 30. Rd5
{[%clk 01:21:04]} {[%emt 00:00:14]} Rc7 {[%clk 00:44:12]} {[%emt 00:01:00]} 31.
Kf3 {[%clk 01:20:43]} {[%emt 00:00:39]} Re7 {[%clk 00:44:30]} {[%emt 00:00:24]}
32. Rxc5 {[%clk 01:20:38]} {[%emt 00:00:34]} Re3+ {[%clk 00:44:23]} {[%emt
00:00:37]} 33. Kf2 {[%clk 01:20:39]} {[%emt 00:00:25]} Rxa3 {[%clk 00:44:26]}
{[%emt 00:00:32]} 34. Rd5 {[%clk 01:20:46]} {[%emt 00:00:21]} d3 {[%clk
00:44:00]} {[%emt 00:00:56]} 35. Ke3 {[%clk 01:20:42]} {[%emt 00:00:34]} a5
{[%clk 00:44:15]} {[%emt 00:00:17]} 36. c5 {[%clk 01:20:59]} {[%emt 00:00:12]}
Ke6 {[%clk 00:43:10]} {[%emt 00:01:34]} 37. Rd4 {[%clk 01:21:09]} {[%emt
00:00:19]} Rc3 {[%clk 00:43:03]} {[%emt 00:00:38]} 38. Ra4 {[%clk 01:20:26]}
{[%emt 00:01:13]} Rxc5 {[%clk 00:43:13]} {[%emt 00:00:20]} 39. Kxd3 {[%clk
01:20:41]} {[%emt 00:00:15]} Rb5 {[%clk 00:40:33]} {[%emt 00:03:10]} 40. g4
{[%clk 01:20:33]} {[%emt 00:00:38]} Rb3+ {[%clk 00:40:02]} {[%emt 00:01:00]}
41. Ke4 {[%clk 01:20:29]} {[%emt 00:00:32]} Rb4+ {[%clk 00:40:22]} {[%emt
00:00:14]} 42. Rxb4 {[%clk 01:20:56]} {[%emt 00:00:03]} axb4 {[%clk 00:40:32]}
{[%emt 00:00:20]} 43. Kd4 {[%clk 01:21:16]} {[%emt 00:00:07]} b3 {[%clk
00:40:56]} {[%emt 00:00:09]} 44. Kc3 {[%clk 01:21:36]} {[%emt 00:00:10]} b2
{[%clk 00:41:12]} {[%emt 00:00:15]} 45. Kxb2 {[%clk 01:21:58]} {[%emt
00:00:08]} Kd5 {[%clk 00:41:40]} {[%emt 00:00:01]} 46. Kc3 {[%clk 01:22:00]}
{[%emt 00:00:29]} Ke4 {[%clk 00:42:00]} {[%emt 00:00:10]} 47. Kd2 {[%clk
01:21:44]} {[%emt 00:00:46]} Kxf4 {[%clk 00:42:21]} {[%emt 00:00:09]} 48. Ke2
{[%clk 01:21:54]} {[%emt 00:00:20]} Kxg4 {[%clk 00:42:36]} {[%emt 00:00:15]}
49. Kf2 {[%clk 01:22:10]} {[%emt 00:00:13]} Kf4 {[%clk 00:42:33]} {[%emt
00:00:34]} 50. Kg2 {[%clk 01:22:31]} {[%emt 00:00:08]} g5 {[%clk 00:39:42]}
{[%emt 00:03:21]} 51. h3 {[%clk 01:22:23]} {[%emt 00:00:39]} h6 {[%clk
00:39:59]} {[%emt 00:00:13]} 52. Kf2 {[%clk 01:22:19]} {[%emt 00:00:33]} h5
{[%clk 00:38:13]} {[%emt 00:02:17]} 53. Kg2 {[%clk 01:21:33]} {[%emt 00:01:16]}
Ke4 {[%clk 00:37:12]} {[%emt 00:01:31]} 54. Kg3 {[%clk 01:21:58]} {[%emt
00:00:05]} Kd4 {[%clk 00:36:44]} {[%emt 00:00:57]} 55. Kf3 {[%clk 01:21:19]}
{[%emt 00:01:09]} 1/2-1/2

[Event "ODJM C 2025"]
[Site "Willingen GER"]
[Date "2025.06.11"]
[Round "5"]
[White "Weibrecht, Theo"]
[Black "Kutz, Henning Jasper"]
[Result "0-1"]
[Termination "normal"]
[Board "12"]
[WhiteElo "1596"]
[BlackElo "1552"]
[WhiteClock "01:32:11"]
[BlackClock "01:29:09"]
[PlyCount "118"]
[WhiteFideId "34660240"]
[BlackFideId "34612882"]
[EventCountry "GER"]
[EventRounds "9"]
[EventType "swiss"]
[EventDate "2025.06.07"]

1. e4 {[%clk 01:31:00]} {[%emt 19:28:18]} e5 {[%clk 01:30:56]} {[%emt
00:00:05]} 2. Nf3 {[%clk 01:31:27]} {[%emt 00:00:02]} Nc6 {[%clk 01:31:14]}
{[%emt 00:00:12]} 3. Bc4 {[%clk 01:31:53]} {[%emt 00:00:03]} Bc5 {[%clk
01:31:26]} {[%emt 00:00:18]} 4. d4 {[%clk 01:32:18]} {[%emt 00:00:06]} Bxd4
{[%clk 01:31:37]} {[%emt 00:00:19]} 5. Nxd4 {[%clk 01:32:33]} {[%emt 00:00:14]}
Nxd4 {[%clk 01:31:58]} {[%emt 00:00:10]} 6. Be3 {[%clk 01:32:58]} {[%emt
00:00:04]} Nc6 {[%clk 01:32:17]} {[%emt 00:00:11]} 7. Qh5 {[%clk 01:32:57]}
{[%emt 00:00:29]} g6 {[%clk 01:32:25]} {[%emt 00:00:24]} 8. Qf3 {[%clk
01:33:03]} {[%emt 00:00:24]} Qf6 {[%clk 01:31:37]} {[%emt 00:01:18]} 9. Qxf6
{[%clk 01:33:01]} {[%emt 00:00:32]} Nxf6 {[%clk 01:28:17]} {[%emt 00:03:51]}
10. Nc3 {[%clk 01:33:15]} {[%emt 00:00:16]} d6 {[%clk 01:28:08]} {[%emt
00:00:39]} 11. Bg5 {[%clk 01:33:15]} {[%emt 00:00:29]} Nh5 {[%clk 01:28:01]}
{[%emt 00:00:37]} 12. Nd5 {[%clk 01:32:40]} {[%emt 00:01:05]} Kd7 {[%clk
01:27:03]} {[%emt 00:01:27]} 13. Be2 {[%clk 01:26:24]} {[%emt 00:06:47]} Nd4
{[%clk 01:25:42]} {[%emt 00:01:51]} 14. Bd3 {[%clk 01:25:11]} {[%emt 00:01:43]}
c6 {[%clk 01:25:37]} {[%emt 00:00:34]} 15. Nf6+ {[%clk 01:24:43]} {[%emt
00:00:59]} Nxf6 {[%clk 01:25:27]} {[%emt 00:00:40]} 16. Bxf6 {[%clk 01:25:07]}
{[%emt 00:00:07]} Rg8 {[%clk 01:25:36]} {[%emt 00:00:20]} 17. c3 {[%clk
01:25:24]} {[%emt 00:00:13]} Ne6 {[%clk 01:25:39]} {[%emt 00:00:27]} 18. Bc4
{[%clk 01:25:23]} {[%emt 00:00:31]} Ke8 {[%clk 01:25:24]} {[%emt 00:00:45]} 19.
Rd1 {[%clk 01:25:33]} {[%emt 00:00:20]} Kd7 {[%clk 01:24:38]} {[%emt 00:01:16]}
20. Bxe5 {[%clk 01:25:51]} {[%emt 00:00:13]} Nc5 {[%clk 01:23:01]} {[%emt
00:02:07]} 21. Rxd6+ {[%clk 01:25:00]} {[%emt 00:01:21]} Ke7 {[%clk 01:22:56]}
{[%emt 00:00:35]} 22. Rf6 {[%clk 01:24:28]} {[%emt 00:01:02]} Be6 {[%clk
01:22:10]} {[%emt 00:01:15]} 23. Bxe6 {[%clk 01:24:20]} {[%emt 00:00:38]} fxe6
{[%clk 01:22:29]} {[%emt 00:00:11]} 24. f3 {[%clk 01:24:28]} {[%emt 00:00:22]}
Nd3+ {[%clk 01:22:37]} {[%emt 00:00:23]} 25. Kd2 {[%clk 01:24:26]} {[%emt
00:00:32]} Nxe5 {[%clk 01:22:58]} {[%emt 00:00:08]} 26. Rf4 {[%clk 01:24:38]}
{[%emt 00:00:18]} Rad8+ {[%clk 01:23:04]} {[%emt 00:00:25]} 27. Kc2 {[%clk
01:24:59]} {[%emt 00:00:08]} g5 {[%clk 01:23:08]} {[%emt 00:00:26]} 28. Rg4
{[%clk 01:24:56]} {[%emt 00:00:34]} Nxg4 {[%clk 01:23:31]} {[%emt 00:00:07]}
29. fxg4 {[%clk 01:25:19]} {[%emt 00:00:06]} Rgf8 {[%clk 01:23:53]} {[%emt
00:00:09]} 30. h4 {[%clk 01:25:30]} {[%emt 00:00:19]} Rf2+ {[%clk 01:23:40]}
{[%emt 00:00:42]} 31. Kb3 {[%clk 01:25:54]} {[%emt 00:00:06]} gxh4 {[%clk
01:23:29]} {[%emt 00:00:41]} 32. Rxh4 {[%clk 01:26:19]} {[%emt 00:00:06]} Rg8
{[%clk 01:23:24]} {[%emt 00:00:35]} 33. Rxh7+ {[%clk 01:26:27]} {[%emt
00:00:21]} Rf7 {[%clk 01:23:45]} {[%emt 00:00:07]} 34. Rh4 {[%clk 01:26:25]}
{[%emt 00:00:32]} Rfg7 {[%clk 01:24:01]} {[%emt 00:00:15]} 35. Rh5 {[%clk
01:26:26]} {[%emt 00:00:30]} Rxg4 {[%clk 01:24:21]} {[%emt 00:00:10]} 36. Ra5
{[%clk 01:26:36]} {[%emt 00:00:20]} a6 {[%clk 01:24:38]} {[%emt 00:00:13]} 37.
Ra4 {[%clk 01:27:01]} {[%emt 00:00:05]} Rxg2 {[%clk 01:24:57]} {[%emt
00:00:11]} 38. Rb4 {[%clk 01:27:11]} {[%emt 00:00:19]} Rb8 {[%clk 01:25:16]}
{[%emt 00:00:11]} 39. Kc4 {[%clk 01:27:23]} {[%emt 00:00:18]} b5+ {[%clk
01:25:00]} {[%emt 00:00:46]} 40. Kc5 {[%clk 01:27:43]} {[%emt 00:00:10]} Kd7
{[%clk 01:24:52]} {[%emt 00:00:39]} 41. Rd4+ {[%clk 01:28:00]} {[%emt
00:00:13]} Kc7 {[%clk 01:25:06]} {[%emt 00:00:15]} 42. Rd6 {[%clk 01:28:16]}
{[%emt 00:00:13]} Rg5+ {[%clk 01:25:28]} {[%emt 00:00:09]} 43. Rd5 {[%clk
01:28:01]} {[%emt 00:00:46]} exd5 {[%clk 01:25:44]} {[%emt 00:00:14]} 44. exd5
{[%clk 01:28:21]} {[%emt 00:00:09]} Rxd5+ {[%clk 01:26:07]} {[%emt 00:00:07]}
45. Kb4 {[%clk 01:28:47]} {[%emt 00:00:04]} Kb6 {[%clk 01:26:11]} {[%emt
00:00:26]} 46. b3 {[%clk 01:29:05]} {[%emt 00:00:12]} a5+ {[%clk 01:25:44]}
{[%emt 00:00:58]} 47. Ka3 {[%clk 01:29:31]} {[%emt 00:00:04]} Ra8 {[%clk
01:25:56]} {[%emt 00:00:17]} 48. c4 {[%clk 01:29:04]} {[%emt 00:00:58]} bxc4
{[%clk 01:26:15]} {[%emt 00:00:11]} 49. bxc4 {[%clk 01:29:01]} {[%emt
00:00:33]} Rd3+ {[%clk 01:26:30]} {[%emt 00:00:14]} 50. Ka4 {[%clk 01:29:24]}
{[%emt 00:00:07]} Rd4 {[%clk 01:26:43]} {[%emt 00:00:17]} 51. Kb3 {[%clk
01:29:43]} {[%emt 00:00:11]} c5 {[%clk 01:26:56]} {[%emt 00:00:17]} 52. a3
{[%clk 01:29:58]} {[%emt 00:00:16]} Rf8 {[%clk 01:27:10]} {[%emt 00:00:15]} 53.
Ka4 {[%clk 01:30:15]} {[%emt 00:00:12]} Rxc4+ {[%clk 01:27:34]} {[%emt
00:00:07]} 54. Kb3 {[%clk 01:30:40]} {[%emt 00:00:06]} Rg4 {[%clk 01:27:56]}
{[%emt 00:00:08]} 55. Kc3 {[%clk 01:30:33]} {[%emt 00:00:35]} Rf3+ {[%clk
01:28:21]} {[%emt 00:00:06]} 56. Kd2 {[%clk 01:30:56]} {[%emt 00:00:06]} Rg2+
{[%clk 01:28:45]} {[%emt 00:00:06]} 57. Ke1 {[%clk 01:31:21]} {[%emt 00:00:06]}
Rxa3 {[%clk 01:28:52]} {[%emt 00:00:23]} 58. Kf1 {[%clk 01:31:46]} {[%emt
00:00:06]} Rb2 {[%clk 01:29:14]} {[%emt 00:00:08]} 59. Ke1 {[%clk 01:32:11]}
{[%emt 00:00:05]} Ra1# {[%clk 01:29:09]} {[%emt 00:00:04]} 0-1